|
|
|
|
| LEADER |
02020nam a2200277 i 4500 |
| 003 |
GR-PaULI |
| 005 |
20250207083544.0 |
| 008 |
211027t2008 gr g 000 1 gre d |
| 952 |
|
|
|0 0
|1 0
|2 ddc
|3 τ.1
|4 0
|6 889_330000000000000_ΡΩΜ
|7 1
|9 329844
|a LISP
|b LISP
|c DON
|d 2021-10-27
|e ΨΥΧ
|i 253647
|l 0
|o 889.33 ΡΩΜ
|p 025000287732
|r 2021-10-27 00:00:00
|t 1
|v 2021.00
|w 2021-10-27
|y BKN
|
| 952 |
|
|
|0 0
|1 0
|2 ddc
|3 τ.2
|4 0
|6 889_330000000000000_ΡΩΜ
|7 1
|9 329851
|a LISP
|b LISP
|c DON
|d 2021-10-27
|e ΨΥΧ
|i 253646
|l 0
|o 889.33 ΡΩΜ
|p 025000287733
|r 2021-10-27 00:00:00
|t 1
|w 2021-10-27
|y BKN
|
| 952 |
|
|
|0 0
|1 0
|2 ddc
|3 τ.1
|4 0
|6 889_330000000000000_ΡΩΜ
|7 1
|9 352929
|a LISP
|b LISP
|c DON
|d 2021-11-29
|e ΠΑΤ
|i 253968
|l 0
|o 889.33 ΡΩΜ
|p 025000274214
|r 2021-11-29 00:00:00
|t 2
|v 2021.00
|w 2021-11-29
|y BKN
|
| 952 |
|
|
|0 0
|1 0
|2 ddc
|3 τ.2
|4 0
|6 889_330000000000000_ΡΩΜ
|7 1
|9 352930
|a LISP
|b LISP
|c DON
|d 2021-11-29
|e ΠΑΤ
|i 253969
|l 0
|o 889.33 ΡΩΜ
|p 025000274216
|r 2021-11-29 00:00:00
|t 2
|w 2021-11-29
|y BKN
|
| 999 |
|
|
|c 184619
|d 184619
|
| 020 |
|
|
|a 9789604691159
|q (σετ)
|
| 034 |
|
|
|a 9789604691166
|b (τ.1)
|
| 040 |
|
|
|a GR-PaULI
|b gre
|c GR-PaULI
|e AACR2
|
| 082 |
0 |
4 |
|a 889.33
|2 23
|
| 100 |
1 |
|
|a Ρώμας, Διονύσιος Α.,
|d 1906-1981
|e συγγραφέας.
|9 57048
|
| 245 |
1 |
3 |
|a Το ρεμπελιό των Ποπολάρων /
|c Διονύσιος Ρώμας.
|
| 260 |
|
|
|a [Αθήνα] :
|b Το Βήμα,
|c c2008.
|
| 300 |
|
|
|a 2 τ. ;
|c 21 εκ.
|
| 490 |
1 |
|
|a Ιστορία στη Λογοτεχνία;
|v 13-14.
|
| 500 |
|
|
|a Η παρούσα έκδοση αποτελεί αναπαραγωγή σε μονοτονικό της έκδοσης: Διονυσίου Ρώμα, Το Ρεμπελιό των Ποπολάρων, Βιβλιοπωλείον της "Εστίας", Αθήνα 2006 (4η έκδοση). Έχει τηρηθεί απολύτως η ορθογραφία και η στίξη του πρωτοτύπου.
|
| 830 |
|
|
|a Ιστορία στη λογοτεχνία (Το Βήμα)
|v 13-14.
|9 188224
|
| 942 |
|
|
|2 ddc
|c BK
|
| 998 |
|
|
|c Σαλαμούρα
|d 2021-10
|